000 00487nam a2200217Ia 4500
003 OSt
005 20220912144003.0
006 a|||||r|||| 00| 0
007 ta
008 220909b |||||||| |||| 00| 0 eng d
024 _a198021
037 _cTextual
040 _beng
041 _aeng
082 _aL;55, L3;L7
100 _aHODGES
245 0 _aenveronmental pollution
300 _ap.
_ccm
942 _hL;55, L3;L7
_cTEXL
_2CC
999 _c136
_d136